| 000 | 00591nam a2200217Ia 4500 | ||
|---|---|---|---|
| 003 | OSt | ||
| 005 | 20230511113304.0 | ||
| 008 | 210423s2009 xx 000 0 und d | ||
| 020 | _a9788184892673 | ||
| 040 | _cAL | ||
| 041 | _aeng | ||
| 082 |
_a574.87 _223 _b AUDJ |
||
| 100 |
_aAUDET (Julie);STANFORD (William L). _9102722 |
||
| 245 | _aStem cells in regenerative medicine: methods and protocols. | ||
| 260 |
_aNew Delhi _bHumana Press _c2009 |
||
| 300 |
_axix,423 _bHB |
||
| 365 |
_b1795 _cINR |
||
| 440 | _v1 | ||
| 906 | _acells ; medicine ; regenerative ; Stem | ||
| 942 |
_2ddc _cBK |
||
| 999 |
_c164174 _d164174 |
||